header

Information ethics (Record no. 26591)

MARC details
000 -LEADER
fixed length control field 01730nam a2200397 a 4500
082 04 - DEWEY DECIMAL CLASSIFICATION NUMBER
Classification number 323.44/5
245 00 - TITLE STATEMENT
Title Information ethics
250 ## - EDITION STATEMENT
Edition statement 1st ed.
260 ## - PUBLICATION, DISTRIBUTION, ETC. (IMPRINT)
Place of publication Seattle :
Name of publisher University of Washington Press,
Year of publication c2005.
300 ## - PHYSICAL DESCRIPTION
Number of Pages 455 p.
505 0# - FORMATTED CONTENTS NOTE
Formatted contents note pt. I. An ethical framework for analysis -- pt. II. Intellectual property : moral and legal concerns -- pt. III. Privacy and information control -- pt. IV. Freedom of speech and information control -- pt. V. Governmental and societal control of information.
650 #0 - SUBJECT ADDED ENTRY--TOPICAL TERM
Topical Term Freedom of information.
Topical Term Information society.
Topical Term Intellectual property.
Topical Term Privacy, Right of.
Topical Term Communication
Topical Term Information technology
700 1# - ADDED ENTRY--PERSONAL NAME
Personal name Moore, Adam D.,
856 40 - ELECTRONIC LOCATION AND ACCESS
Uniform Resource Identifier http://site.ebrary.com/lib/rucke/Doc?id=10690526

No items available.

© 2026 Rongo University
Contact us: librarian | system librarian | Rongo university